| 000 -LEADER |
| fixed length control field |
02198 a2200289 4500 |
| 003 - CONTROL NUMBER IDENTIFIER |
| control field |
OSt |
| 005 - DATE AND TIME OF LATEST TRANSACTION |
| control field |
20180116192359.0 |
| 008 - FIXED-LENGTH DATA ELEMENTS--GENERAL INFORMATION |
| fixed length control field |
120702t xxu||||| |||| 00| 0 eng d |
| 010 ## - LIBRARY OF CONGRESS CONTROL NUMBER |
| LC control number |
2010513476 |
| 020 ## - INTERNATIONAL STANDARD BOOK NUMBER |
| International Standard Book Number |
9780714848297 |
| 020 ## - INTERNATIONAL STANDARD BOOK NUMBER |
| International Standard Book Number |
0714848298 |
| 035 ## - SYSTEM CONTROL NUMBER |
| System control number |
(OCoLC)ocn154782999 |
| 040 ## - CATALOGING SOURCE |
| Transcribing agency |
0 |
| 082 04 - DEWEY DECIMAL CLASSIFICATION NUMBER |
| Classification number |
730.973 |
| 245 00 - TITLE STATEMENT |
| Title |
Unmonumental : |
| Remainder of title |
the object in the 21st century / |
| Statement of responsibility, etc. |
[essays by Richard Flood ... [et. al]. |
| 260 ## - PUBLICATION, DISTRIBUTION, ETC. |
| Place of publication, distribution, etc. |
London : |
| Name of publisher, distributor, etc. |
Phaidon ; |
| Place of publication, distribution, etc. |
New York : |
| Name of publisher, distributor, etc. |
New Museum, |
| Date of publication, distribution, etc. |
2007. |
| 300 ## - PHYSICAL DESCRIPTION |
| Extent |
216 p. : |
| Other physical details |
col. ill. ; |
| Dimensions |
30 cm. |
| 500 ## - GENERAL NOTE |
| General note |
"Phaidon in association with New Museum" |
| 505 0# - FORMATTED CONTENTS NOTE |
| Formatted contents note |
Not about Mel Gibson / by Richard Flood -- Sculptures by Alexandra Bircken, John Bock, Carol Bove, Martin Boyce, Tobias Buche, Carlos Bunga, Tom Burr, Abraham Cruzvillegas, Aaron Curry, Sam Durant ; biographies by Sara Reisman -- Ask the dust / by Massimiliano Gioni -- Sculptures by Urs Fischer, Claire Fontaine, Isa Genzken, Rachel Harrison, Elliott Hundley, Gabriel Kuri, Jim Lambie, Nate Lowman, Sarah Lucas, Matthew Monahan -- Unmonumental : going to pieces in the 21st century / by Laura Hoptman -- Sculptures by Kristen Morgin, Manfred Pernice, Anselm Reyle, Marc AndreÌ Robinson , Eva Rothschild, Lara Schnitger, Gedi Sibony, Shinique Smith, Nobuko Tsuchiya, Rebecca Warren -- Sculpture : a minor place / by Trevor Smith -- Yesterday's news / by Benjamin Godsill -- A critical glossary of space and sculpture / by Eva Diaz. |
| 520 ## - SUMMARY, ETC. |
| Summary, etc. |
"Unmonumental: The Object in the 21st Century" is the first exhibition in the "Unmonumental" cycle, and explores the reinvention of sculptural assemblage. Using found, fragmented, and discarded materials, the works of the artists on view make a case for modesty, informality, and improvisation. The exhibition includes more than one hundred objects by thirty artists who represent a wide range of backgrounds and artistic strategies. |
| 650 10 - SUBJECT ADDED ENTRY--TOPICAL TERM |
| Topical term or geographic name entry element |
Sculpture, Modern |
| Chronological subdivision |
21st century |
| 9 (RLIN) |
4970 |
| 650 10 - SUBJECT ADDED ENTRY--TOPICAL TERM |
| Topical term or geographic name entry element |
Assemblage (Art) |
| 9 (RLIN) |
4971 |
| 700 1# - ADDED ENTRY--PERSONAL NAME |
| Personal name |
Flood, Richard, |
| Dates associated with a name |
1943- |
| 9 (RLIN) |
4972 |
| 710 2# - ADDED ENTRY--CORPORATE NAME |
| Corporate name or jurisdiction name as entry element |
New Museum (New York, N.Y.) |
| 9 (RLIN) |
4973 |
| 942 ## - ADDED ENTRY ELEMENTS (KOHA) |
| Institution code [OBSOLETE] |
SADA |
| Koha item type |
Book |
| Call number prefix |
730.973 UNM 2007 |
| Source of classification or shelving scheme |
|
| 952 ## - LOCATION AND ITEM INFORMATION (KOHA) |
| -- |
BOOK |